Quiz sur les loups #4 - Statistiques

Statistiques générales
  • Ce quiz a été pris 39 fois
  • Le résultat moyen est 8 sur 10
Statistiques - réponses
Question Réponse % Correct
A quelle famille appartient le loup ? Canidés
100%
Comment appelle-t-on également le loup ? Canis lupus
100%
Un jour, un loup-garou est né suite à un croisement de loups. Faux
100%
Pourquoi les loups hurlent-ils ? Pour défendre le territoire et rester soudés
100%
Un loup ne peut pas être attaqué par un loup qui est dans la même meute. Faux
86%
Le loup est omnivore. Faux
71%
"Vous pouvez donner à manger au loup, il regardera toujours du côté de..." Complété le proverbe La forêt
57%
Laquelle, parmi ces espèces de loup, n'existe pas ? Loup-renard truité
57%
Le loup vit dans la montagne. Vrai
57%
Les loups de compagnie existent. Vrai
29%
Aucun quiz correspondant
Distribution des résultats
% des personnes avec chaque résultat
Percentile par nombre de réponses
Votre historique - résultats
Vous n’avez pas pris ce quiz